La fille de madame Angot (Record no. 170343)

MARC details
000 -LEADER
campo de control de longitud fija 00783nam a22002175i 4500
001 - NÚMERO DE CONTROL
campo de control 170343
003 - IDENTIFICADOR DE NÚMERO DE CONTROL
campo de control ES-MaACL
005 - FECHA Y HORA DE LA ÚLTIMA TRANSACCIÓN
campo de control 20230906214349.0
008 - DATOS DE LONGITUD FIJA--INFORMACIÓN GENERAL
campo de control de longitud fija 090225s1924 fr |||| | fre d
080 ## - NÚMERO DE LA CLASIFICACIÓN DECIMAL UNIVERSAL
Número de la Clasificación Decimal Universal 782.6
100 0# - ENTRADA PRINCIPAL--NOMBRE DE PERSONA
Nombre de persona Clairville.
9 (RLIN) 138014
245 13 - MENCIÓN DEL TÍTULO
Título La fille de madame Angot
Resto del título : opéra-comique en trois actes /
Mención de responsabilidad, etc. paroles de Clairville, Siraudin et Koning ; musique de Ch. Lecocq.
250 ## - MENCION DE EDICION
Mención de edición Nouvelle édition.
260 ## - PUBLICACIÓN, DISTRIBUCIÓN, ETC.
Lugar de publicación, distribución, etc. Paris :
Nombre del editor, distribuidor, etc. Delamain, Boutellau et Cie.,
Fecha de publicación, distribución, etc. 1924.
300 ## - DESCRIPCIÓN FÍSICA
Extensión 103 p. ;
Dimensiones 19 cm.
650 14 - PUNTO DE ACCESO ADICIONAL DE MATERIA--TÉRMINO DE MATERIA
Término de materia o nombre geográfico como elemento de entrada Óperas-
Subdivisión de forma Libretos.
9 (RLIN) 137584
700 1# - ENTRADA AGREGADA--NOMBRE PERSONAL
Nombre de persona Siraudin, Paul.
9 (RLIN) 138012
700 1# - ENTRADA AGREGADA--NOMBRE PERSONAL
Nombre de persona Koning, Víctor.
9 (RLIN) 138013
700 1# - ENTRADA AGREGADA--NOMBRE PERSONAL
Nombre de persona Lecocq, Charles (
Fechas asociadas al nombre 1832-1918)
9 (RLIN) 146777
852 ## - LOCALIZACIÓN
Ubicación ES-MaACL
Número de control de estantería 2249-F-25
itemnumber R.140871
Nota libre .- Biblioteca Jacinto Martínez Lacalle
Holdings
Estatus retirado Estado de pérdida Estado de daño No para préstamo Colección Biblioteca de origen Biblioteca actual Ubicación en estantería Fecha de adquisición Fuente de adquisición Total de préstamos Signatura topográfica completa Código de barras Visto por última vez Precio de reemplazo Tipo de ítem Koha
        Colección de folletos Biblioteca del Ateneo de Madrid Biblioteca del Ateneo de Madrid Depósito folletos 25/02/2009     2249-F-25 1178830 23/02/2023 23/02/2023 Folleto